[Event "2BLS 2122 SC Böblingen - TSV Schönaic"]
[Site "?"]
[Date "2022.07.02"]
[Round "9.3"]
[White "Koelle, Tobias"]
[Black "Mueller, Ralf"]
[Result "1-0"]
[WhiteElo "2443"]
[BlackElo "2352"]
[PlyCount "63"]
[EventDate "2022.??.??"]

1. d4 d5 2. c4 e6 3. Nf3 Nf6 4. Nc3 Be7 5. Bf4 O-O 6. e3 Nbd7 7. c5 c6 8. h3 b6
9. b4 a5 10. a3 Ba6 11. Bxa6 Rxa6 12. O-O Qa8 13. Rb1 axb4 14. axb4 Qb7 15. Qc2
b5 16. Nd2 Nh5 17. Bh2 g6 18. Nb3 Bd8 19. Ra1 Bc7 20. Bxc7 Rxa1 21. Rxa1 Qxc7
22. Qa2 Nb8 23. Qa8 Ng7 24. Ra7 Qd8 25. Na5 Nf5 26. Nxc6 Qg5 27. Ne2 Nd7 28.
Qb7 Nxe3 29. fxe3 Qxe3+ 30. Kh2 Nf6 31. Qxb5 Ne4 32. Ne5 1-0

[Event "2BLS 2122 SC Böblingen - TSV Schönaic"]
[Site "?"]
[Date "2022.07.02"]
[Round "9.4"]
[White "Tran, Thanh Kien"]
[Black "Saric, Ante"]
[Result "0-1"]
[WhiteElo "2136"]
[BlackElo "2512"]
[PlyCount "70"]
[EventDate "2022.??.??"]

1. d4 Nf6 2. c4 e6 3. Nc3 Bb4 4. f3 d5 5. a3 Bxc3+ 6. bxc3 c6 7. e3 O-O 8. cxd5
cxd5 9. Bd3 b6 10. Ne2 Ba6 11. O-O Bxd3 12. Qxd3 Qc8 13. e4 Qa6 14. Qc2 Nc6 15.
e5 Nd7 16. a4 Na5 17. Ba3 Rfe8 18. f4 Nc4 19. Bc1 f5 20. g4 g6 21. Ng3 Rf8 22.
h4 Qc8 23. h5 Qe8 24. g5 Kf7 25. Kf2 Rh8 26. Rh1 Ke7 27. Ba3+ Nxa3 28. Rxa3 h6
29. gxh6 Rxh6 30. Qe2 gxh5 31. Rxh5 Qg6 32. Rxh6 Qxh6 33. Qf3 Rg8 34. Qxd5
Qxf4+ 35. Qf3 Qh4 0-1

[Event "2BLS 2122 SC Böblingen - TSV Schönaic"]
[Site "?"]
[Date "2022.07.02"]
[Round "9.5"]
[White "Plenca, Julijan"]
[Black "Vujic, Branimir"]
[Result "1-0"]
[WhiteElo "2451"]
[BlackElo "2237"]
[PlyCount "57"]
[EventDate "2022.??.??"]

1. e4 d5 2. exd5 Nf6 3. d4 Nxd5 4. c4 Nb6 5. Nc3 e5 6. d5 Bb4 7. Qb3 Bxc3+ 8.
Qxc3 O-O 9. Be3 c6 10. d6 Be6 11. Nf3 f6 12. a4 Nc8 13. c5 b6 14. Bc4 Bxc4 15.
Qxc4+ Kh8 16. O-O bxc5 17. Rfd1 Nd7 18. a5 Rb8 19. Bxc5 Rxb2 20. Be3 c5 21. Qd5
a6 22. Qa8 f5 23. Qd5 f4 24. Bc1 Rb5 25. h4 Qe8 26. Ng5 Qh5 27. Rd2 c4 28. Qxc4
Rc5 29. Qe6 1-0

[Event "2BLS 2122 SC Böblingen - TSV Schönaic"]
[Site "?"]
[Date "2022.07.02"]
[Round "9.6"]
[White "Martaler, Jewgeni"]
[Black "Menezes, Christoph"]
[Result "0-1"]
[WhiteElo "2177"]
[BlackElo "2417"]
[PlyCount "70"]
[EventDate "2022.??.??"]

1. e4 e5 2. Nf3 Nc6 3. Bc4 Bc5 4. Nc3 Nf6 5. d3 h6 6. O-O d6 7. Na4 Bb6 8. Nxb6
axb6 9. c3 O-O 10. Re1 Re8 11. b4 Be6 12. Bb5 Bd7 13. Bd2 Ne7 14. Bc4 b5 15.
Bb3 Ng6 16. a4 bxa4 17. Bxa4 Bxa4 18. Rxa4 Qd7 19. Rxa8 Rxa8 20. h3 Ra3 21. Qc2
Qc6 22. c4 Qa6 23. Rb1 b6 24. Ne1 Nd7 25. Be3 c5 26. b5 Qa8 27. g3 Ndf8 28. Qc1
Ne6 29. Qd1 Ra2 30. Qg4 Nd4 31. h4 Kh8 32. h5 Nf8 33. Bxd4 cxd4 34. Ng2 Ne6 35.
f4 Rxg2+ 0-1

[Event "2BLS 2122 SC Böblingen - TSV Schönaic"]
[Site "?"]
[Date "2022.07.02"]
[Round "9.7"]
[White "Richter, Nils"]
[Black "Schuh, Karsten"]
[Result "1/2-1/2"]
[WhiteElo "2359"]
[BlackElo "2160"]
[PlyCount "72"]
[EventDate "2022.??.??"]

1. d4 f5 2. g3 Nf6 3. Bg2 g6 4. Nf3 Bg7 5. O-O O-O 6. c4 d6 7. Nc3 c6 8. Qb3 e6
9. Re1 Ne4 10. Qc2 Nxc3 11. bxc3 e5 12. e4 fxe4 13. Qxe4 d5 14. Qe2 e4 15. Nd2
Qa5 16. Nb3 Qxc3 17. cxd5 cxd5 18. Ba3 Nc6 19. Bxf8 Kxf8 20. Qb5 Qc4 21. Qxc4
dxc4 22. Nd2 Nxd4 23. Rab1 c3 24. Nxe4 c2 25. Rbc1 Be6 26. Nc3 Rc8 27. Ne2
Nxe2+ 28. Rxe2 Bf5 29. Bxb7 Rc7 30. Be4 Bxe4 31. Rxe4 Bb2 32. Ree1 Kf7 33. Kf1
Kf6 34. Ke2 Bxc1 35. Rxc1 Rc3 36. Kd2 Rf3 1/2-1/2

[Event "2BLS 2122 SG Speyer-Schwegenheim - SC Ã"]
[Site "?"]
[Date "2022.07.03"]
[Round "10.1"]
[White "Bauer, Christian"]
[Black "Oleksiyenko, Mykhaylo"]
[Result "1/2-1/2"]
[WhiteElo "2607"]
[BlackElo "2588"]
[PlyCount "52"]
[EventDate "2022.??.??"]

1. Nf3 d5 2. c4 e6 3. d4 Nf6 4. Nc3 Nbd7 5. cxd5 exd5 6. Bg5 c6 7. e3 Be7 8.
Qc2 Nh5 9. Bxe7 Qxe7 10. O-O-O Nhf6 11. Bd3 Nb6 12. h3 Be6 13. Kb1 O-O-O 14.
Ng5 Kb8 15. Rc1 Ne8 16. Nxe6 Qxe6 17. Ne2 g6 18. a4 Nd6 19. b3 Rc8 20. Qb2 Nd7
21. Nf4 Qe7 22. Rc2 f5 23. Qa3 g5 24. Ne2 Nf6 25. Rhc1 Rhe8 26. a5 Nde4 1/2-1/2

[Event "2BLS 2122 SG Speyer-Schwegenheim - SC Ã"]
[Site "?"]
[Date "2022.07.03"]
[Round "10.2"]
[White "Iturrizaga Bonelli, Eduardo"]
[Black "Lagarde, Maxime"]
[Result "1-0"]
[WhiteElo "2618"]
[BlackElo "2628"]
[PlyCount "107"]
[EventDate "2022.??.??"]

1. c4 e5 2. g3 c6 3. Nf3 e4 4. Nd4 d5 5. cxd5 Qxd5 6. e3 Bc5 7. Nc3 Qe5 8. d3
exd3 9. Qxd3 Nf6 10. Bg2 O-O 11. O-O Qh5 12. Nce2 Na6 13. a3 Rd8 14. Nf4 Qg4
15. h3 Qd7 16. Rd1 Bxd4 17. Qc4 c5 18. exd4 b5 19. Qc2 Bb7 20. Bxb7 Qxb7 21.
dxc5 Nxc5 22. Rxd8+ Rxd8 23. Be3 Nce4 24. Rc1 h5 25. Qc6 Qxc6 26. Rxc6 g5 27.
Ne2 Rd1+ 28. Kg2 Nd5 29. Bxa7 g4 30. h4 Rd2 31. Nc3 Ndxc3 32. bxc3 Rc2 33. Rh6
Nd2 34. Bd4 Kf8 35. Rxh5 Nf3 36. Bf6 Ke8 37. Rd5 Rd2 38. Rxb5 Kd7 39. Rb4 Ne1+
40. Kg1 Nf3+ 41. Kf1 Ke6 42. Bd4 f5 43. Be3 Ra2 44. a4 Nh2+ 45. Ke1 Nf3+ 46.
Kd1 Ne5 47. h5 Nd3 48. Rb6+ Kd5 49. h6 Nxf2+ 50. Bxf2 Rxf2 51. a5 f4 52. gxf4
g3 53. Rg6 g2 54. h7 1-0

[Event "2BLS 2122 SG Speyer-Schwegenheim - SC Ã"]
[Site "?"]
[Date "2022.07.03"]
[Round "10.3"]
[White "Van den Doel, Erik"]
[Black "Kantans, Toms"]
[Result "1-0"]
[WhiteElo "2587"]
[BlackElo "2486"]
[PlyCount "79"]
[EventDate "2022.??.??"]

1. d4 Nf6 2. Nf3 g6 3. Nbd2 d5 4. e3 Bg7 5. b4 O-O 6. Be2 a5 7. b5 c5 8. bxc6
Nxc6 9. O-O Qc7 10. Bb2 Rd8 11. c4 a4 12. Rc1 a3 13. Ba1 Qa5 14. cxd5 Nxd5 15.
Bc4 Nb6 16. Bb3 h6 17. Rc5 Qa6 18. d5 Na5 19. Bxg7 Kxg7 20. e4 Bd7 21. Qa1+ Kg8
22. Re1 Rac8 23. Rxc8 Nxc8 24. Bd1 Nc4 25. Nxc4 Qxc4 26. Bb3 Qb4 27. h3 Nd6 28.
e5 Nf5 29. Qb1 Kg7 30. Qa1 Kg8 31. d6 Bc6 32. e6 Bxf3 33. dxe7 Nxe7 34. exf7+
Kh7 35. gxf3 Rf8 36. Re4 Qc5 37. Qf6 Nf5 38. Re8 Qc1+ 39. Kg2 Qf4 40. Qh8+ 1-0

[Event "2BLS 2122 SG Speyer-Schwegenheim - SC Ã"]
[Site "?"]
[Date "2022.07.03"]
[Round "10.4"]
[White "Kovacs, Gabor"]
[Black "Lai, Hing Ting"]
[Result "0-1"]
[WhiteElo "2426"]
[BlackElo "2467"]
[PlyCount "144"]
[EventDate "2022.??.??"]

1. d4 Nf6 2. c4 e6 3. Nc3 Bb4 4. e3 O-O 5. Bd2 d5 6. Nf3 b6 7. cxd5 exd5 8. Rc1
a6 9. Bd3 Bb7 10. Ne5 Bd6 11. O-O c5 12. f4 Nc6 13. Ng4 Be7 14. Nxf6+ Bxf6 15.
Qh5 g6 16. Qf3 Bg7 17. f5 cxd4 18. exd4 Bxd4+ 19. Kh1 Ne5 20. Qf4 Bxc3 21. Rxc3
Re8 22. Bc2 Rc8 23. fxg6 hxg6 24. Rh3 Qd7 25. Bb3 Qf5 26. Qxf5 gxf5 27. Rg3+
Ng6 28. h4 Re4 29. h5 Rh4+ 30. Rh3 Rxh3+ 31. gxh3 Ne5 32. Kh2 d4 33. Bf4 Rc5
34. h6 Kh7 35. Kg3 Be4 36. Rd1 d3 37. Kf2 b5 38. Rg1 Ng6 39. Bd2 f4 40. Bc3
Kxh6 41. Bxf7 b4 42. Bd2 Rc2 43. Ke1 Rxb2 44. Bb3 Kh7 45. Rg5 Rb1+ 46. Kf2 Rh1
47. Rh5+ Kg7 48. Bxb4 Rh2+ 49. Kg1 Rg2+ 50. Kf1 d2 51. Bc3+ Kf8 52. Rh7 f3 53.
Rd7 Bc6 54. Rxd2 Nf4 55. Ke1 Rg1+ 56. Kf2 Nxh3+ 57. Ke3 Rg3 58. Rd8+ Ke7 59.
Rg8 f2+ 60. Rxg3 f1=Q 61. Rg7+ Kd8 62. Ba5+ Kc8 63. Rg8+ Kb7 64. Rg7+ Ka8 65.
Rg8+ Ka7 66. Rg7+ Bb7 67. Bc3 Qf2+ 68. Kd3 Nf4+ 69. Kc4 Qe2+ 70. Kb4 Qb5+ 71.
Ka3 Qc5+ 72. Kb2 Nd3+ 0-1

[Event "2BLS 2122 SG Speyer-Schwegenheim - SC Ã"]
[Site "?"]
[Date "2022.07.03"]
[Round "10.5"]
[White "Inkiov, Ventzislav"]
[Black "Boguslawski, Oleg"]
[Result "1/2-1/2"]
[WhiteElo "2418"]
[BlackElo "2377"]
[PlyCount "42"]
[EventDate "2022.??.??"]

1. Nf3 d5 2. c4 e6 3. d4 Nf6 4. Nc3 Be7 5. Bg5 O-O 6. e3 b6 7. Rc1 Bb7 8. Bxf6
Bxf6 9. cxd5 exd5 10. Be2 Nd7 11. O-O Be7 12. Qc2 Re8 13. Bd3 g6 14. e4 dxe4
15. Bxe4 Bxe4 16. Nxe4 Nf6 17. Nxf6+ Bxf6 18. Qxc7 Bxd4 19. Qxd8 Raxd8 20. Nxd4
Rxd4 21. Rc2 Kg7 1/2-1/2

[Event "2BLS 2122 SG Speyer-Schwegenheim - SC Ã"]
[Site "?"]
[Date "2022.07.03"]
[Round "10.6"]
[White "Bodrozic, Tomislav"]
[Black "Hopman, Pieter"]
[Result "0-1"]
[WhiteElo "2359"]
[BlackElo "2352"]
[PlyCount "66"]
[EventDate "2022.??.??"]

1. e4 d6 2. d4 Nf6 3. Nc3 e5 4. Nge2 Be7 5. g3 c6 6. Bg2 b5 7. a3 a5 8. O-O Ba6
9. b4 Nbd7 10. h3 h5 11. f4 O-O 12. Bf3 Qb8 13. Kg2 Bc8 14. Rb1 axb4 15. axb4
Nb6 16. Qe1 Nc4 17. Qf2 Bd8 18. fxe5 dxe5 19. Bg5 Ng4 20. Bxg4 Bxg5 21. Bxh5
Ne3+ 22. Kh2 Nxf1+ 23. Rxf1 Qa7 24. h4 Bf6 25. d5 Qxf2+ 26. Rxf2 Bb7 27. Nc1
cxd5 28. exd5 Rfc8 29. Nxb5 Bxd5 30. Nd3 Ra1 31. Kh3 Rh1+ 32. Kg4 Rc4+ 33. Kf5
Be6# 0-1

[Event "2BLS 2122 SG Speyer-Schwegenheim - SC Ã"]
[Site "?"]
[Date "2022.07.03"]
[Round "10.7"]
[White "Kabos, Tobias"]
[Black "Commercon, Simon"]
[Result "1/2-1/2"]
[WhiteElo "2355"]
[BlackElo "2234"]
[PlyCount "113"]
[EventDate "2022.??.??"]

1. e4 c6 2. c4 d5 3. cxd5 cxd5 4. exd5 Nf6 5. Qa4+ Nbd7 6. Nc3 g6 7. Qb3 Bg7 8.
Nf3 O-O 9. Bc4 Nc5 10. Qa3 Nce4 11. Nxe4 Nxe4 12. O-O Nd6 13. Be2 a5 14. d4 Nf5
15. Be3 Qxd5 16. Rac1 Nxe3 17. fxe3 Bh6 18. Kh1 Qd6 19. Qxd6 exd6 20. Rc7 d5
21. Bb5 Bxe3 22. Re7 Be6 23. Bd7 Rad8 24. Bxe6 fxe6 25. Rd1 Rf7 26. Rxe6 Bh6
27. Kg1 Rc7 28. Rde1 Kf8 29. h4 Rc1 30. Rxc1 Bxc1 31. Rb6 Rd7 32. a4 Rc7 33.
Rb5 Bf4 34. Rxa5 Rc1+ 35. Kf2 Rc2+ 36. Kf1 Rc1+ 37. Ke2 Rc2+ 38. Kd3 Rxg2 39.
Rxd5 Rxb2 40. Rd7 h6 41. Ke4 Bg3 42. Ne5 Bxe5 43. Kxe5 Rb4 44. a5 Rb5+ 45. d5
Rxa5 46. Ke6 Ra4 47. Rxb7 Re4+ 48. Kd7 Rxh4 49. d6 Rd4 50. Kc7 Rc4+ 51. Kd8 h5
52. d7 h4 53. Rb6 Kf7 54. Rb3 Rd4 55. Kc7 Rc4+ 56. Kd6 Rd4+ 57. Kc7 1/2-1/2

[Event "2BLS 2122 SG Speyer-Schwegenheim - SC Ã"]
[Site "?"]
[Date "2022.07.03"]
[Round "10.8"]
[White "Kraemer, Enrico"]
[Black "Kuehn, Kolja"]
[Result "1-0"]
[WhiteElo "2219"]
[BlackElo "2131"]
[PlyCount "113"]
[EventDate "2022.??.??"]

1. d4 d5 2. Nf3 Nf6 3. g3 c6 4. Bg2 Bf5 5. c4 e6 6. Nc3 h6 7. Qb3 Qb6 8. c5
Qxb3 9. axb3 Be7 10. b4 O-O 11. h3 a6 12. g4 Bh7 13. Bf4 Ne4 14. Nd2 Nxd2 15.
Kxd2 Nd7 16. e3 Rfe8 17. Bg3 Bf8 18. f4 Nf6 19. Rhf1 Be4 20. Nxe4 Nxe4+ 21.
Bxe4 dxe4 22. f5 Rad8 23. Kc3 Rd7 24. Kc4 Rd5 25. Rad1 exf5 26. Rxf5 Red8 27.
Rdf1 f6 28. Rxd5 cxd5+ 29. Kb3 Kf7 30. Ka4 Ke6 31. Ka5 Kd7 32. Kb6 Kc8 33. b5
Re8 34. c6 Re6 35. Rc1 axb5 36. Kxb5 bxc6+ 37. Rxc6+ Kd7 38. Rc7+ Kd8 39. b4 g6
40. Rh7 Ke8 41. Bf4 f5 42. gxf5 gxf5 43. Ka5 Bd6 44. Bxd6 Rxd6 45. b5 f4 46. b6
fxe3 47. b7 Rd8 48. b8=Q Rxb8 49. Rh8+ Kf7 50. Rxb8 Kf6 51. Rb3 Kf5 52. Rxe3
Kf4 53. Re1 e3 54. Kb5 Kf3 55. Kc5 Ke4 56. h4 h5 57. Ra1 1-0

[Event "2BLS 2122 TSV Schott Mainz - OSG Baden-"]
[Site "?"]
[Date "2022.07.03"]
[Round "10.1"]
[White "Gozzoli, Yannick"]
[Black "Lobron, Eric"]
[Result "1-0"]
[WhiteElo "2594"]
[BlackElo "2490"]
[PlyCount "93"]
[EventDate "2022.??.??"]

1. d4 Nf6 2. c4 d6 3. Nf3 c6 4. Nc3 Nbd7 5. e4 e5 6. Be2 Be7 7. O-O a6 8. Qc2
O-O 9. Rd1 Qc7 10. h3 b5 11. a3 Bb7 12. Bg5 Rfe8 13. Rac1 Rad8 14. dxe5 dxe5
15. b4 c5 16. Nd5 Bxd5 17. cxd5 c4 18. Bd2 Nb6 19. Re1 Nfd7 20. Qb1 Na4 21. Bd1
Ndb6 22. h4 Ra8 23. g3 Rec8 24. Re3 Ra7 25. Qa1 Bd6 26. h5 Qe7 27. Nh4 g6 28.
Bg4 Rf8 29. Rf3 Qd8 30. hxg6 fxg6 31. Kg2 c3 32. Bh6 Rxf3 33. Nxf3 Nc4 34. Ng5
Qf6 35. Bd1 Ncb2 36. Bxa4 Nxa4 37. Rxc3 Nxc3 38. Qxc3 Rc7 39. Qe3 Be7 40. Ne6
Rc8 41. Qa7 Qf7 42. Qb7 Re8 43. Qxa6 g5 44. Ng7 Rb8 45. Nf5 Bd8 46. Qd6 Rc8 47.
Bg7 1-0

[Event "2BLS 2122 TSV Schott Mainz - OSG Baden-"]
[Site "?"]
[Date "2022.07.03"]
[Round "10.2"]
[White "Krivonosov, Oleg"]
[Black "Breder, Dennis"]
[Result "1/2-1/2"]
[WhiteElo "2378"]
[BlackElo "2468"]
[PlyCount "20"]
[EventDate "2022.??.??"]

1. Nf3 c5 2. c4 Nc6 3. d4 cxd4 4. Nxd4 Nf6 5. Nc3 e6 6. Bf4 d5 7. cxd5 Nxd5 8.
Nxc6 bxc6 9. Bd2 Bb4 10. Nxd5 Bxd2+ 1/2-1/2

[Event "2BLS 2122 TSV Schott Mainz - OSG Baden-"]
[Site "?"]
[Date "2022.07.03"]
[Round "10.3"]
[White "Martin, Julian"]
[Black "Balcerak, Jakob"]
[Result "1-0"]
[WhiteElo "2372"]
[BlackElo "2475"]
[PlyCount "74"]
[EventDate "2022.??.??"]

1. e4 c5 2. Nf3 d6 3. d4 cxd4 4. Nxd4 Nf6 5. Nc3 a6 6. Be3 e5 7. Nb3 Be7 8. f3
h5 9. Qd2 Be6 10. Nd5 Bxd5 11. exd5 Nbd7 12. Be2 O-O 13. c4 a5 14. a4 Nh7 15.
O-O Bg5 16. Rac1 Bxe3+ 17. Qxe3 Nhf6 18. Rfd1 Rc8 19. c5 Nxc5 20. Nxc5 dxc5 21.
d6 Qb6 22. d7 Rcd8 23. Bb5 Qe6 24. Rxc5 e4 25. fxe4 b6 26. Rc2 Qxe4 27. Qxe4
Nxe4 28. Rc6 Rb8 29. Re1 Nc5 30. Rd6 Ne6 31. Bc4 Rfd8 32. Red1 Rb7 33. Ba6 Rbb8
34. Rf1 g6 35. h3 Kg7 36. Kh2 Nc5 37. Bc4 Ne4 1-0

[Event "2BLS 2122 TSV Schott Mainz - OSG Baden-"]
[Site "?"]
[Date "2022.07.03"]
[Round "10.4"]
[White "David, Alexandru-Vasile"]
[Black "Riff, Jean-Noel"]
[Result "1/2-1/2"]
[WhiteElo "2427"]
[BlackElo "2451"]
[PlyCount "84"]
[EventDate "2022.??.??"]

1. e4 e5 2. Nf3 Nc6 3. Bc4 Bc5 4. d3 Nf6 5. Bg5 h6 6. Bh4 Be7 7. Bg3 d6 8. a4
a6 9. h3 Be6 10. Bxe6 fxe6 11. Nbd2 O-O 12. O-O Qe8 13. c3 Nh5 14. Qb3 Nd8 15.
Bh2 Bg5 16. Nxg5 hxg5 17. Nc4 Nf4 18. Rad1 b5 19. axb5 axb5 20. Ne3 c5 21. Bxf4
gxf4 22. Ng4 Nf7 23. f3 Qd7 24. Kh2 Rfb8 25. d4 c4 26. Qc2 Qe7 27. d5 exd5 28.
Rxd5 b4 29. cxb4 Rxb4 30. Nf2 Rab8 31. Nd1 Ng5 32. Qd2 R8b6 33. Ra5 Ne6 34. Ra2
Qb7 35. Qf2 Ra6 36. Rxa6 Qxa6 37. Qh4 c3 38. Qe7 Qxf1 39. Qxe6+ Kh7 40. Qf5+
Kg8 41. Qe6+ Kh7 42. Qf5+ Kg8 1/2-1/2

[Event "2BLS 2122 TSV Schott Mainz - OSG Baden-"]
[Site "?"]
[Date "2022.07.03"]
[Round "10.5"]
[White "Schmider, Niklas"]
[Black "Cicak, Slavko"]
[Result "1-0"]
[WhiteElo "2398"]
[BlackElo "2471"]
[PlyCount "73"]
[EventDate "2022.??.??"]

1. d4 g6 2. e4 Bg7 3. Nc3 c6 4. f4 Qb6 5. e5 d6 6. Nf3 Bg4 7. a4 a5 8. h3 Bxf3
9. Qxf3 Nh6 10. g4 O-O 11. Ra3 Na6 12. Rh2 Nb4 13. Be3 dxe5 14. dxe5 Qc7 15.
Ra1 Rad8 16. Rd1 Rxd1+ 17. Qxd1 f6 18. e6 g5 19. Qd7 Qb8 20. Qxe7 gxf4 21. Bb6
Qe5+ 22. Kd1 Nd5 23. Nxd5 cxd5 24. c3 Qe4 25. Rd2 Qb1+ 26. Ke2 f5 27. g5 Ng4
28. hxg4 fxg4 29. Qd7 f3+ 30. Kf2 g3+ 31. Kxg3 Qxf1 32. Qxd5 Qe1+ 33. Kh3 Qh1+
34. Kg4 h5+ 35. gxh6 Rf6 36. e7+ Kh7 37. Qe4+ 1-0

[Event "2BLS 2122 TSV Schott Mainz - OSG Baden-"]
[Site "?"]
[Date "2022.07.03"]
[Round "10.6"]
[White "Mueller, Marco"]
[Black "Schmaltz, Roland"]
[Result "0-1"]
[WhiteElo "2229"]
[BlackElo "2464"]
[PlyCount "75"]
[EventDate "2022.??.??"]

1. d4 Nf6 2. c4 e6 3. Nf3 b6 4. g3 Ba6 5. b3 Bb4+ 6. Bd2 Be7 7. Nc3 d5 8. cxd5
exd5 9. Bg2 O-O 10. O-O Nbd7 11. a3 c6 12. Re1 Bb7 13. b4 Re8 14. Qb3 Ne4 15.
b5 Nxc3 16. Bxc3 c5 17. Rad1 c4 18. Qb2 a6 19. a4 axb5 20. axb5 Ba3 21. Qb1 Qc7
22. Nd2 Nf6 23. e4 dxe4 24. Nxe4 Nd5 25. Ng5 g6 26. Qc2 Qd7 27. Rb1 Bf8 28. Bh3
Rxe1+ 29. Bxe1 Qe7 30. Nf3 c3 31. Ne5 Bg7 32. Nc6 Bxc6 33. bxc6 Bxd4 34. Qd3
Qf6 35. Rd1 Re8 36. Kf1 Qxc6 37. Bg2 c2 38. Rc1 0-1

[Event "2BLS 2122 TSV Schott Mainz - OSG Baden-"]
[Site "?"]
[Date "2022.07.03"]
[Round "10.8"]
[White "Lisanti, Marco"]
[Black "Doll, Rebecca"]
[Result "1-0"]
[WhiteElo "2091"]
[BlackElo "1941"]
[PlyCount "93"]
[EventDate "2022.??.??"]

1. d4 d5 2. c4 e6 3. Nc3 Be7 4. Nf3 Nf6 5. Bg5 O-O 6. e3 Nbd7 7. Qc2 b6 8. cxd5
exd5 9. Bd3 Bb7 10. Ne5 h6 11. h4 Nxe5 12. dxe5 Ng4 13. Bf4 Bxh4 14. g3 Bg5 15.
O-O-O Qe7 16. Rh5 f6 17. exf6 Bxf6 18. Nxd5 Bxd5 19. Rxd5 Kh8 20. Qe2 Ne5 21.
Bc2 c6 22. R5d4 Qf7 23. Bxe5 Bxe5 24. Qd3 g6 25. Rh4 h5 26. Qxg6 Qxg6 27. Bxg6
Kg7 28. Bc2 Rxf2 29. Rxh5 Bf6 30. Rd7+ Kf8 31. Rhh7 Rf1+ 32. Bd1 Re8 33. Kd2
Bxb2 34. Bb3 Ra8 35. Ke2 Rf5 36. g4 Rb5 37. Rh6 Rc8 38. Rg6 Rxb3 39. axb3 a5
40. Ra7 Ba3 41. g5 Bb2 42. Kf3 Bc3 43. e4 b5 44. Kf4 c5 45. e5 Re8 46. e6 a4
47. Rf7# 1-0

[Event "2BLS 2122 SV Worms 1878 - SV 1947 Walld"]
[Site "?"]
[Date "2022.07.03"]
[Round "10.1"]
[White "Aczel, Gergely"]
[Black "Karsay, Pascal"]
[Result "1/2-1/2"]
[WhiteElo "2516"]
[BlackElo "2320"]
[PlyCount "109"]
[EventDate "2022.??.??"]

1. d4 Nf6 2. c4 e6 3. Nc3 Bb4 4. e3 O-O 5. Bd2 b6 6. Bd3 Bb7 7. Nf3 c5 8. a3
Bxc3 9. Bxc3 cxd4 10. Nxd4 d5 11. O-O Nbd7 12. Be2 Qe7 13. Rc1 Rfd8 14. b4 Ne5
15. c5 bxc5 16. bxc5 Ne4 17. f4 Nc6 18. Ba1 Rac8 19. Nb3 Nb8 20. Qd4 f6 21. Qa4
Ba8 22. Bg4 Nc6 23. Rc2 Rb8 24. Rfc1 Rdc8 25. Nd2 Nxd2 26. Rxd2 Nd8 27. Rdc2
Bc6 28. Qd4 Be8 29. f5 Nc6 30. Qd3 Bf7 31. fxe6 Bxe6 32. Bf3 Rd8 33. Rd2 Bf7
34. Kh1 Kh8 35. Rdd1 Bg6 36. Qa6 Qe6 37. h3 h5 38. Qe2 Be4 39. Bxe4 Qxe4 40.
Qxh5+ Kg8 41. Qg4 Qxg4 42. hxg4 Rb3 43. Rc3 Rdb8 44. Rcc1 Ra8 45. Bd4 Rxa3 46.
Ra1 Rxa1 47. Rxa1 Rb8 48. Ra6 Nxd4 49. exd4 Rb4 50. Rxa7 Rxd4 51. Rd7 Rxg4 52.
Rxd5 Rc4 53. Kg1 Kf7 54. Rd7+ Ke6 55. Rxg7 {(=)} 1/2-1/2

[Event "2BLS 2122 SV Worms 1878 - SV 1947 Walld"]
[Site "?"]
[Date "2022.07.03"]
[Round "10.2"]
[White "Nasshan, Dennis"]
[Black "Gschnitzer, Adrian"]
[Result "1/2-1/2"]
[WhiteElo "2291"]
[BlackElo "2439"]
[PlyCount "71"]
[EventDate "2022.??.??"]

1. d4 d5 2. Nf3 Nf6 3. c4 e6 4. Nc3 Be7 5. Bf4 O-O 6. e3 b6 7. Bd3 Bb7 8. cxd5
exd5 9. O-O c5 10. dxc5 bxc5 11. Rc1 Nh5 12. Be5 Nd7 13. Be2 Nxe5 14. Nxe5 Nf6
15. Bf3 Qc7 16. Nd3 Rac8 17. Nf4 d4 18. exd4 Qxf4 19. Bxb7 Rb8 20. Bf3 Rxb2 21.
dxc5 Bxc5 22. Nd5 Nxd5 23. Rxc5 Nf6 24. Ra5 Rd2 25. Qa4 Qxa4 26. Rxa4 Rd7 27.
Rb1 Rfd8 28. h3 Kf8 29. Rb7 Rxb7 30. Bxb7 Rd7 31. Rxa7 Ke7 32. a4 Rc7 33. a5
Nd7 34. Kh2 Nc5 35. a6 Nxa6 36. Rxa6 1/2-1/2

[Event "2BLS 2122 SV Worms 1878 - SV 1947 Walld"]
[Site "?"]
[Date "2022.07.03"]
[Round "10.3"]
[White "Muckle, Julius"]
[Black "Baerwinkel, Tobias"]
[Result "1-0"]
[WhiteElo "2380"]
[BlackElo "2333"]
[PlyCount "71"]
[EventDate "2022.??.??"]

1. d4 Nf6 2. Nf3 d5 3. c4 e6 4. Nc3 c5 5. cxd5 Nxd5 6. e4 Nxc3 7. bxc3 cxd4 8.
cxd4 Bb4+ 9. Bd2 Bxd2+ 10. Qxd2 O-O 11. Bc4 Nd7 12. O-O b6 13. Rfe1 Bb7 14.
Rad1 Rc8 15. Bb3 h6 16. Qf4 Qc7 17. Qh4 Rfe8 18. h3 b5 19. d5 exd5 20. Nd4 Nc5
21. Bxd5 Bxd5 22. exd5 Qd7 23. Nc6 Rxe1+ 24. Rxe1 Re8 25. Rxe8+ Qxe8 26. Qd4
Qe1+ 27. Kh2 Ne4 28. Qe5 Qb1 29. Ne7+ Kf8 30. Nf5 Nf6 31. Qb8+ Ne8 32. Qe5 Nf6
33. d6 Qd3 34. Nxh6 Qe4 35. Qg5 Qg6 36. Qc5 1-0

[Event "2BLS 2122 SV Worms 1878 - SV 1947 Walld"]
[Site "?"]
[Date "2022.07.03"]
[Round "10.4"]
[White "Ollenberger, Roland"]
[Black "Faerber, David"]
[Result "0-1"]
[WhiteElo "2267"]
[BlackElo "2353"]
[PlyCount "84"]
[EventDate "2022.??.??"]

1. e4 c6 2. Nc3 d5 3. Nf3 Bg4 4. h3 Bxf3 5. Qxf3 e6 6. d3 Nd7 7. Bd2 Qb6 8. Be2
Bd6 9. Na4 Qc7 10. exd5 exd5 11. d4 Ne7 12. Bd3 O-O 13. Nc3 f5 14. Ne2 Nf6 15.
O-O-O Ne4 16. Bf4 Rae8 17. g3 b5 18. Qg2 Bxf4+ 19. Nxf4 Ng6 20. Nxg6 hxg6 21.
Rhg1 Re6 22. f3 Nd6 23. Qd2 Nc4 24. Bxc4 bxc4 25. Rde1 Rfe8 26. Rxe6 Rxe6 27.
Re1 Qe7 28. Kd1 Kf7 29. Rxe6 Qxe6 30. Qf4 Qd7 31. Kd2 Qe7 32. a3 c5 33. Qe5
Qxe5 34. dxe5 g5 35. f4 Ke6 36. Kc3 gxf4 37. gxf4 g5 38. fxg5 Kxe5 39. h4 f4
40. g6 Kf6 41. h5 f3 42. Kd2 d4 0-1

[Event "2BLS 2122 SV Worms 1878 - SV 1947 Walld"]
[Site "?"]
[Date "2022.07.03"]
[Round "10.5"]
[White "Vonthron, Horst"]
[Black "Muranyi, Karl-Jasmin"]
[Result "1/2-1/2"]
[WhiteElo "2361"]
[BlackElo "2345"]
[PlyCount "48"]
[EventDate "2022.??.??"]

1. e4 c6 2. d4 d5 3. e5 Bf5 4. c4 e6 5. Nc3 Ne7 6. Nf3 dxc4 7. Bxc4 Nd7 8. Nh4
Nb6 9. Bb3 h6 10. O-O Bh7 11. f4 Ned5 12. Qg4 g6 13. Nf3 Be7 14. Bd2 Qd7 15. a4
a5 16. Rfe1 Nb4 17. Ne4 N6d5 18. Qh3 O-O-O 19. Bxd5 exd5 20. e6 fxe6 21. Ne5
Qc7 22. Qxe6+ Kb8 23. Bxb4 Bxb4 24. Nc3 Rhf8 1/2-1/2

[Event "2BLS 2122 SV Worms 1878 - SV 1947 Walld"]
[Site "?"]
[Date "2022.07.03"]
[Round "10.6"]
[White "Feldmann, Johannes"]
[Black "Gschnitzer, Oswald"]
[Result "1/2-1/2"]
[WhiteElo "2231"]
[BlackElo "2354"]
[PlyCount "63"]
[EventDate "2022.??.??"]

1. c4 c5 2. Nf3 Nf6 3. Nc3 Nc6 4. d4 cxd4 5. Nxd4 e6 6. g3 Qb6 7. Nf3 d5 8.
cxd5 exd5 9. Bg2 d4 10. Na4 Qa5+ 11. Bd2 Bb4 12. O-O O-O 13. Bxb4 Qxb4 14. a3
Qd6 15. b4 Rd8 16. Rc1 Bf5 17. Nc5 Rab8 18. Qa4 b5 19. Qb3 Rb6 20. Rfd1 Bg4 21.
h3 Bxf3 22. Qxf3 Qe7 23. Nb3 Ne5 24. Qf4 d3 25. exd3 Nxd3 26. Qc7 Rd7 27. Qc8+
Qf8 28. Rc3 Rd8 29. Qc7 Rd7 30. Qc8 Rd8 31. Qc7 Rd7 32. Qc8 1/2-1/2

[Event "2BLS 2122 SV Worms 1878 - SV 1947 Walld"]
[Site "?"]
[Date "2022.07.03"]
[Round "10.7"]
[White "Fichter, Fabian"]
[Black "Musiolik, David"]
[Result "1-0"]
[WhiteElo "2248"]
[BlackElo "2217"]
[PlyCount "101"]
[EventDate "2022.??.??"]

1. e4 e6 2. d4 d5 3. Bd3 c5 4. exd5 exd5 5. Nf3 Nc6 6. O-O Be7 7. dxc5 Nf6 8.
a3 Bxc5 9. b4 Be7 10. h3 O-O 11. Nc3 a6 12. Re1 b5 13. Bb2 Bb7 14. Qd2 Qb6 15.
Qf4 Rfe8 16. Ng5 Nd8 17. Nxh7 Nxh7 18. Bxh7+ Kxh7 19. Rxe7 Rxe7 20. Qh4+ Kg8
21. Qxe7 Ne6 22. Re1 d4 23. Ne2 Rd8 24. Qh4 Rd7 25. Nxd4 Rxd4 26. Bxd4 Qxd4 27.
Qxd4 Nxd4 28. Re8+ Kh7 29. Re7 Bd5 30. Rd7 Ne2+ 31. Kf1 Bc4 32. Ke1 Nf4 33. g3
Nxh3 34. Rd6 Ng5 35. Rxa6 Ne4 36. a4 bxa4 37. Rxa4 f5 38. Ra5 Nd6 39. Rc5 Bf7
40. b5 Ba2 41. b6 Nb7 42. Rxf5 Kg6 43. Rf4 Bd5 44. c4 Bc6 45. Kd2 Nc5 46. Ke3
Ne6 47. Rd4 Kf6 48. Rd6 Ba8 49. Rd7 Nc5 50. Rc7 Ne6 51. b7 1-0